000 02984nam2a2200277 4500
001 RU\NLR\BIBL_A\022232069
005 20240611144330.0
021 _aRU
_bКН-П-24-023072
_9КН-П-24-2393
035 _a(NLR Aleph) 022232069
090 _a13134368
_c13134368
100 _a20240524d2023 k y0rusy50 ca
101 0 _arus
_deng
102 _aRU
105 _aa|||z|||100yy
200 0 _aВып. 5
_eматериалы V Всероссийской научно-практической конференции, г. Барнаул, 17-18 ноября 2023 г.
_fпод научной редакцией В. А. Скопы
210 _d2023
215 _a239 с.
_cил., табл.
300 _aРез. англ.
320 _aБиблиогр. в конце ст.
461 0 _1001RU\NLR\BIBL_A\012544283
_12001#$aФилософские, социологические и психолого-педагогические проблемы современного образования$eматериалы всероссийской (с международным участием) научно-практической конференции, г. Барнаул, 20-21 ноября 2020 г.$fМинистерство просвещения Российской Федерации, Федеральное государственное бюджетное образовательное учреждение высшего образования "Алтайский государственный педагогический университет" (ФГБОУ ВО "АлтГПУ")$gпод научной редакцией С.А. Ан$vВып. 5
_912409902
_cБарнаул
_d2020
_fМинистерство просвещения Российской Федерации, Федеральное государственное бюджетное образовательное учреждение высшего образования "Алтайский государственный педагогический университет" (ФГБОУ ВО "АлтГПУ")
_nФГБОУ ВО "АлтГПУ"
_oматериалы всероссийской (с международным участием) научно-практической конференции, г. Барнаул, 20-21 ноября 2020 г.
_tФилософские, социологические и психолого-педагогические проблемы современного образования
_vВып. 5
711 1 2 _a"Философские, социологические и психолого-педагогические проблемы современного образования", всероссийская научно-практическая конференция
_d5
_eБарнаул
_f2023
_9883240
_3RU\NLR\AUTH\880611389
942 _cBOOK
980 _aNB